Principles of electromechanical-energy conversion (Record no. 23169)

000 -LEADER
fixed length control field 00596nam a22002051 4500
001 - CONTROL NUMBER
control field 23169
003 - CONTROL NUMBER IDENTIFIER
control field BD-DhUET
008 - FIXED-LENGTH DATA ELEMENTS--GENERAL INFORMATION
fixed length control field 730301s1966 xx 000 0 eng
040 ## - CATALOGING SOURCE
Original cataloging agency DLC
Transcribing agency DLC
Modifying agency BD-DhUET
082 ## - DEWEY DECIMAL CLASSIFICATION NUMBER
Classification number 623.13
Item number MEI/1966
100 ## - MAIN ENTRY--PERSONAL NAME
Personal name Meisel, Jerome
245 10 - TITLE STATEMENT
Title Principles of electromechanical-energy conversion
250 ## - EDITION STATEMENT
Edition statement 1st ed.
260 ## - PUBLICATION, DISTRIBUTION, ETC. (IMPRINT)
Place of publication, distribution, etc. New York
Name of publisher, distributor, etc. McGraw-Hill
Date of publication, distribution, etc. 1966
300 ## - PHYSICAL DESCRIPTION
Extent xvii, 639p.
Other physical details ill.
490 ## - SERIES STATEMENT
Series statement McGraw-Hill electrical and electronic engineering series
504 ## - BIBLIOGRAPHY, ETC. NOTE
Bibliography, etc Includes bibliographies
650 #0 - SUBJECT ADDED ENTRY--TOPICAL TERM
Topical term or geographic name as entry element Mechinery: Electrical engineering
942 ## - ADDED ENTRY ELEMENTS (KOHA)
Koha item type General Book
Holdings
Not for loan Withdrawn status Sublocation or collection (holding branch) Koha item type Date acquired Koha date last seen Location (home branch) Koha normalized classification for sorting Lost status Price effective from Damaged status Copy number Shelving location Koha full call number Piece designation (barcode) Source of classification or shelving scheme
  Central Library, BUETGeneral Book2015-05-032015-05-03Central Library, BUET623_130000000000000_MEI_1968 2015-05-03 1Circulation section623.13/MEI/196811878 
  Central Library, BUETGeneral Book2015-05-032015-05-03Central Library, BUET623_130000000000000_MEI_1966 2015-05-03 2Circulation section623.13/MEI/196611877 
  Central Library, BUETGeneral Book2015-05-032015-05-03Central Library, BUET623_130000000000000_MEI_1966 2015-05-03 3Circulation section623.13/MEI/196611875 
  Central Library, BUETGeneral Book2015-05-032015-05-03Central Library, BUET623_130000000000000_MEI_1966 2015-05-03 4Circulation section623.13/MEI/196611438 
  Central Library, BUETGeneral Book2015-05-032015-05-03Central Library, BUET623_130000000000000_MEI_1966 2015-05-03 5Circulation section623.13/MEI/196611876 
  Central Library, BUETGeneral Book2015-05-032015-05-03Central Library, BUET623_130000000000000_MEI_1966 2015-05-03 6Circulation section623.13/MEI/196611437 
  Central Library, BUETGeneral Book2015-05-032015-05-03Central Library, BUET623_130000000000000_MEI_1966 2015-05-03 7Circulation section623.13/MEI/196611879 
  Central Library, BUETGeneral Book2015-05-032015-05-03Central Library, BUET623_130000000000000_MEI_1966 2015-05-03 8Circulation section623.13/MEI/196684929 
  Central Library, BUETGeneral Book2015-05-072015-05-07Central Library, BUET623_130000000000000_MEI_1966 2015-05-07 9Circulation section623.13/MEI/196615539 
  Central Library, BUETGeneral Book2015-07-122015-07-12Central Library, BUET623_130000000000000_MEI_1966 2015-07-12 10Circulation section623.13/MEI/196639251